[Event "Temuco Covid Season 2nd"]
[Site "Temuco"]
[Date "2021.11.12"]
[Round "2"]
[White "Ceballos Jara, Omar Luis"]
[Black "Bucher Kees, Paul"]
[Result "1-0"]
[WhiteElo "1295"]
[BlackElo "1249"]
[PlyCount "53"]
[EventDate "2021.11.12"]
[EventType "tourn"]
[EventRounds "9"]
[EventCountry "CHI"]
[SourceTitle "EXT 2023"]
[Source "ChessBase"]
[SourceDate "2022.10.05"]
[SourceVersion "1"]
[SourceVersionDate "2022.10.05"]
[SourceQuality "1"]

1. d4 c6 2. c4 d5 3. cxd5 cxd5 4. Nc3 Nf6 5. Bf4 g6 6. e3 Bg7 7. Rc1 0-0 8. Nf3 e6 9. Bd3 b6 10. h3 Bb7 11. 0-0 Nc6 12. Nb5 Ne8 13. Nh2 a6 14. Nc3 e5 15. dxe5 Nxe5 16. Be2 Rc8 17. Qb3 Nc4 18. Rfd1 Na5 19. Qc2 d4 20. Qb1 Qe7 21. exd4 Rxc3 22. bxc3 Qxe2 23. Re1 Qc4 24. Ng4 Nf6 25. Nxf6+ Bxf6 26. Qxb6 Qd5 27. Qxf6 1-0

[Event "Temuco Covid Season 2nd"]
[Site "Temuco"]
[Date "2021.11.12"]
[Round "3"]
[White "Lagos Inostroza, Andres Ignacio"]
[Black "Ceballos Jara, Omar Luis"]
[Result "1-0"]
[WhiteElo "1636"]
[BlackElo "1295"]
[PlyCount "156"]
[EventDate "2021.11.12"]
[EventType "tourn"]
[EventRounds "9"]
[EventCountry "CHI"]
[SourceTitle "EXT 2023"]
[Source "ChessBase"]
[SourceDate "2022.10.05"]
[SourceVersion "1"]
[SourceVersionDate "2022.10.05"]
[SourceQuality "1"]

1. d4 Nf6 2. c4 e6 3. Nf3 d5 4. Nc3 Bb4 5. Bg5 h6 6. Bxf6 Qxf6 7. e3 0-0 8. Be2 Nd7 9. 0-0 c6 10. Qc2 Re8 11. e4 dxe4 12. Nxe4 Qe7 13. c5 Rb8 14. Nd6 Rd8 15. Ne5 Nf6 16. Rfd1 Ba5 17. b4 Bc7 18. Nec4 Ne8 19. Nxe8 Rxe8 20. Qe4 Rd8 21. Bd3 f5 22. Qe3 Qh4 23. g3 Qxd4 24. Be2 Qxe3 25. Rxd8+ Bxd8 26. Nxe3 Bd7 27. Bc4 Kf8 28. Rd1 Ke7 29. Re1 Kf6 30. f4 Bc7 31. Bb3 Rd8 32. Kg2 Bc8 33. h4 a5 34. bxa5 Bxa5 35. Re2 Rd2 36. Rxd2 Bxd2 37. Nc4 Bb4 38. Nd6 Bxc5 39. Nxc8 e5 40. fxe5+ Kxe5 41. Kf3 g5 42. hxg5 hxg5 43. g4 f4 44. a4 Kd4 45. Bd1 Ke5 46. Bb3 Kd4 47. Bc2 Ke5 48. Bd3 Kd4 49. Be2 Ke5 50. a5 Kd4 51. a6 bxa6 52. Bxa6 Bf8 53. Nb6 c5 54. Nc4 Be7 55. Nd2 Ke5 56. Bc4 Kd4 57. Bf7 Ke5 58. Ke2 Kf6 59. Bg8 Ke5 60. Kd3 Kf6 61. Ke4 Kg6 62. Ke5 Kg7 63. Bd5 Kg6 64. Be4+ Kf7 65. Kf5 Bd8 66. Nf3 Ke7 67. Nxg5 Kd7 68. Ne6 Be7 69. Nxf4 Bd8 70. Nd5 Kd6 71. Nf6 Ke7 72. g5 Kf7 73. g6+ Kg7 74. Nh5+ Kh8 75. g7+ Kh7 76. Kg4+ Kg8 77. Bd5+ Kh7 78. g8Q+ Kh6 1-0